| 000 | 00391nam a22001217a 4500 | ||
|---|---|---|---|
| 008 | 230629b xxu||||| |||| 00| 0 eng d | ||
| 082 |
_a338.9 _bMIG 1982 |
||
| 245 | _aSocial Science Research Methods in Tropical Diseases | ||
| 260 |
_aKenya _bInstitute for Development Studies and Community Health Department University of Nairobi _c1982 |
||
| 300 | _aIV,166p | ||
| 440 | _n41 | ||
| 942 |
_2ddc _cBK |
||
| 999 |
_c2998 _d2998 |
||